Wrestlemania 39 - Statistiques

Statistiques générales
  • Ce quiz a été pris 231 fois
  • Le résultat moyen est 11 sur 17
Statistiques - réponses
Question Réponse % Correct
Contre qui Brock Lesnar a-t-il combattu ? Omos
96%
Quelle équipe est parvenu à détrôner The Usos ? Kevin Owens et Sami Zayn
86%
Qui a remporté le championnat intercontinental ? Gunther
82%
De quelle manière Dominik Mysterio a-t-il fait son entrée ? Dans un fourgon de police
78%
Quel clan est venu en aide à Rey Mysterio lors de son combat contre Dominik ? Legado del fantasma
76%
Avec The Miz, qui était l'hôte de Wrestlemania ? Snoop Dogg
76%
Sous quelle stipulation ont combattu Edge et le Demon Finn Balor ? Hell in a cell match
73%
Quel catcheur Japonais a été intronisé au hall of fame ? The Great Muta
73%
Qui a fait son grand retour lors de la nuit 2 ? Shane McMahon
71%
Avec qui Roman Reigns a-t-il fait son entrée pour affronter Cody Rhodes ? Solo Sikoa et Paul Heyman
59%
Dans quel stade a eu lieu l'édition ? SoFi Stadium
57%
Qui a remporté le showcase match féminin ? Ronda Rousey et Shayna Bazsler
51%
Qui a remporté le showcase match masculin The Street Profits
45%
Quelle a été l'affluence sur les deux nuits ? ≈ 160 000 spectateurs
39%
Qui est la dernière personne éliminée du André The Giant Battle Royal ? Bronson Reed
39%
Qui est la première personne éliminée du André The Giant Battle Royal ? Baron Corbin
35%
Qui a remporté le championnat féminin de raw ? Bianca Belair
35%
Aucun quiz correspondant
Distribution des résultats
% des personnes avec chaque résultat
Percentile par nombre de réponses
Votre historique - résultats
Vous n’avez pas pris ce quiz